Central Library OPAC University of Rajshahi

Constitutional problems in organic chemistry / (Record no. 84101)

MARC details
000 -LEADER
fixed length control field 00761nam a2200229 a 4500
001 - CONTROL NUMBER
control field 84101
003 - CONTROL NUMBER IDENTIFIER
rucl marc code BD-RjUL
005 - DATE AND TIME OF LATEST TRANSACTION
control field 20241009142603.0
008 - FIXED-LENGTH DATA ELEMENTS--GENERAL INFORMATION
fixed length control field 241009s 1963enka 000 0 eng
035 ## - SYSTEM CONTROL NUMBER
System control number (BD-RjUL)84101
040 ## - CATALOGING SOURCE
Original cataloging agency DLC/ICU
Transcribing agency ICU
Modifying agency DLC
-- BD-RjUL
Language of cataloging eng
041 ## - LANGUAGE CODE
Language code of text/sound track or separate title eng
082 00 - DEWEY DECIMAL CLASSIFICATION NUMBER
Classification number 547.076
Author mark and year WAC 1963
100 1# - MAIN ENTRY--PERSONAL NAME
Personal name Watson, M. B.
Fuller form of name (Mearns Bruce)
9 (RLIN) 13772
245 10 - TITLE STATEMENT
Title Constitutional problems in organic chemistry /
Statement of responsibility, etc. [by] M.B. Watson and G.W. Youngson.
260 ## - PUBLICATION, DISTRIBUTION, ETC. (IMPRINT)
Place of publication, distribution, etc. London;
-- New York :
Name of publisher, distributor, etc. Van Nostrand,
Date of publication, distribution, etc. c1963
300 ## - PHYSICAL DESCRIPTION
Pagination 136 p.:
Illustrations ill.;
Size 24 cm.
650 #0 - SUBJECT ADDED ENTRY--TOPICAL TERM
Topical term or geographic name as entry element Chemistry, Organic
General subdivision Problems, exercises, etc.
9 (RLIN) 13773
700 1# - ADDED ENTRY--PERSONAL NAME
Personal name Youngson, G. W.
Fuller form of name (George William),
Dates associated with a name 1919-
Relator term joint author.
942 ## - ADDED ENTRY ELEMENTS (KOHA)
Source of classification or shelving scheme Dewey Decimal Classification
Koha item type Books
Holdings
Lost status Source of classification or shelving scheme Damaged status Not for loan Collection code Permanent Location Current Location Shelving location Date acquired Source of acquisition Total Checkouts Full call number Date last seen Copy number Koha item type
  Dewey Decimal Classification   Not For Loan Non-fiction Central Library, University of Rajshahi Central Library, University of Rajshahi Reading Room 29/09/2024 Registrar, R.U.   547.076 WAC 1963 09/10/2024 C-1 Books